| 000 | 00622nam a2200193 i 4500 | ||
|---|---|---|---|
| 001 | 97203 | ||
| 003 | ES-MaACL | ||
| 005 | 20240219224020.0 | ||
| 007 | t| | ||
| 008 | 050707s1959 cu |||| | spa d | ||
| 100 | 1 |
_aMañach, Jorge ( _d1898-1961) _976248 |
|
| 245 | 1 | 3 |
_aEl sentido trágico de la "Numancia" / _cpor Jorge Mañach. |
| 260 |
_aLa Habana : _bAcademia Cubana de la Lengua, _c1959. |
||
| 300 |
_a30 p. ; _c26 cm. |
||
| 600 | 1 | 7 |
_aCervantes Saavedra, Miguel de, _d1547-1616. _tLa Numancia _2 _9161899 |
| 710 | 2 |
_aAcademia Cubana de la Lengua. _91158 |
|
| 852 |
_aES-MaACL _j2019-F-28 |
||
| 999 |
_c97203 _d97203 |
||